| 000 | 00000nas 2200000za 4500 |
| 001 | 9.512308 |
| 003 | CaOODSP |
| 005 | 20200429104738 |
| 007 | ta |
| 008 | 150406c20099999oncar p #||||f| |0eng|d |
| 040 | |aCaOODSP|beng |
| 041 | |aeng |
| 041 | |afre |
| 043 | |an-cn--- |
| 086 | 1 |aAB20 |
| 110 | 2 |aCanada Agricultural Review Tribunal. |
| 245 | 10|aAnnual report. |
| 260 | |aOttawa : |bCanada Agricultural Review Tribunal, |c2009- |
| 310 | |aAnnual |
| 362 | 0 |a2008/2009- |
| 520 | 3 |aCaptures some of the activities that have occurred in the fiscal year. The Tribunal continues to pursue excellence in each of its functions: quasi-judicial decision making; innovation and outreach to stakeholders and the general public; development of best practices; and sound financial management and administration of Tribunal operations. |
| 563 | |aSoftcover |
| 776 | 0#|tRapport annuel |w(CaOODSP)9.502867 |
| 776 | 0#|tAnnual report |w(CaOODSP)9.506462 |
| 792 | |tRapport annuel.|efre|w(CaOODSP)9.512309 |